000
00304nam a22001337a 4500
008
170609b xxu||||| |||| 00| 0 eng d
020
_a
9780673524744
041
_a
eng
080
_2
6 ED
_a
32
100
_a
19
101
_a
SHP
245
_a
COMPOTAIVE POLITICS TODAY
_c
ALMOND.G.A
942
_2
udc
_c
BK
999
_c
16687
_d
16687